000 00467nam a2200169Ia 4500
005 20250508155523.0
008 008 250505s9999 xx 000 0 eng d
037 _aTextual
040 _aFEDL
_beng
_cFEDL
041 _aeng
_2eng
084 _a507, ALL
_qFEDL
245 0 _aTeaching of science in secondary schools
245 0 _cAll India Council for Secondary Education
300 _a227p.
942 _cTEXL
_h507, ALL
999 _c1357388
_d1357388